000 00271nam a22001097a 4500
008 230629b xxu||||| |||| 00| 0 eng d
082 _a338.9
_bKEN
245 _aDevelopment Plan
_bFor the Period 1970 to 1974
260 _aKenya
_bGOK
300 _aIII,198p
942 _2ddc
_cBK
999 _c2994
_d2994